Normal view MARC view

Entry Personal Name

Number of records used in: 2

001 - CONTROL NUMBER

  • control field: 22727

003 - CONTROL NUMBER IDENTIFIER

  • control field: dpl

005 - DATE AND TIME OF LATEST TRANSACTION

  • control field: 20101004152739.0

008 - FIXED-LENGTH DATA ELEMENTS

  • fixed length control field: 101004|||a|||||| | ||| d

040 ## - CATALOGING SOURCE

  • Original cataloging agency: dpl
  • Transcribing agency: dpl

100 ## - HEADING--PERSONAL NAME

  • Personal name: पोखरियाल, रमेश 'निशंक'

670 ## - SOURCE DATA FOUND

  • Source citation: Work cat.: (dpl)34101: पोखरियाल, रमेश 'निशंक', मातृभूमि के लिएः, 2009

670 ## - SOURCE DATA FOUND

  • Source citation: Work cat.: (dpl)34101: पोखरियाल, रमेश 'निशंक', मातृभूमि के लिएः, 2009

© Delhi Public Library
Hit Counter
free hit counter